000 01341nam a22003857a 4500
001 000013149
003 CHAP
005 20220329133856.0
008 971013s r 00010 d
010 _a12113
011 _a13085
035 _a17156
040 _cCHAP
082 0 4 _a001.6425
_bA9
100 0 0 _aAyala de la Vega, Joel.
_98925
245 1 0 _aManual del MS-DOS :
_b: versión 5.0.
260 _aMontecillo, Méx. :
_bColegio de Postgraduados,
_c(199?).
300 _a150 p.
590 _aBATCH-UPD
_b10
_c20130110
_lUCH01
_h1736
590 _aCONVERSION
_b10
_c20130109
_lUCH01
_h1308
590 _aE5995AHE
_b05
_c20150217
_lUCH01
_h0956
590 _aE5995AHE
_b05
_c20150217
_lUCH01
_h1108
650 1 4 _aMS-DOS.
_979238
650 1 4 _aSistemas operativos (Computadoras)
_9106775
700 0 _aBueno de Arjona, Graciela.
_915959
700 0 _aOjeda Bustamante, Waldo.
_982896
901 _aBK
942 _cLIBRO
942 _n0
949 _a001.6425 A9
_bBC
_cLIBRO
_d-40718
_eLIBRO
_fc.4
_h86743
_i17156
_si
949 _a001.6425 A9
_bBC
_cLIBRO
_d33724000293148
_eLIBRO
_h86740
_i17156
_si
949 _a001.6425 A9
_bBC
_cLIBRO
_d33724000293155
_eLIBRO
_fc.2
_h86741
_i17156
_si
949 _a001.6425 A9
_bBC
_cLIBRO
_d33724002020017
_eLIBRO
_fc.3
_h86742
_i17156
_si
949 _a001.6425 A9
_bBC
_cUACH
_d-40719
_eUACH
_fc.5
_h86744
_i17156
_si
999 _c12113
_d12113